| Tag |
First Indicator |
Second Indicator |
Subfields |
| LEADER |
00000cam a2200000 a 4500 |
| 001 |
in00000087055 |
| 005 |
20151008064716.0 |
| 008 |
820709s1941 okuabcf b 00100 engmu |
| 020 |
|
|
|a 0806115327
|
| 035 |
|
|
|a (OCoLC)08585566
|
| 035 |
|
|
|9 AAK4660AM
|
| 040 |
|
|
|c TXA
|d UtOrBLW
|
| 049 |
|
|
|a TXAM
|c [1329224]
|
| 090 |
|
|
|a E99.C9
|b D4 1979
|
| 100 |
1 |
|
|a Debo, Angie,
|d 1890-1988.
|
| 245 |
1 |
4 |
|a The road to disappearance :
|b a history of the Creek Indians /
|c by Angie Debo.
|
| 264 |
|
1 |
|a Norman :
|b University of Oklahoma press,
|c 1941, (1979 printing)
|
| 300 |
|
|
|a xiii, 399 pages, 16 unnumbered pages of plates :
|b illustrations, maps, portraits ;
|c 21 cm.
|
| 336 |
|
|
|a text
|b txt
|2 rdacontent
|
| 337 |
|
|
|a unmediated
|b n
|2 rdamedia
|
| 338 |
|
|
|a volume
|b nc
|2 rdacarrier
|
| 490 |
1 |
|
|a Civilization of the American Indian ;
|v 22
|
| 500 |
|
|
|a Includes index.
|
| 500 |
|
|
|a Spine title: A history of the Creek Indians.
|
| 504 |
|
|
|a Bibliography: pages [382]-388.
|
| 650 |
2 |
0 |
|a Creek Indians.
|
| 650 |
2 |
0 |
|a Creek Indians
|x Government relations.
|
| 740 |
2 |
|
|a A history of the Creek Indians.
|
| 830 |
|
0 |
|a Civilization of the American Indian series ;
|v v. 22.
|
| 999 |
|
|
|a MARS
|
| 999 |
f |
f |
|s ab4b954a-a90d-3528-8871-6dd22b534a7d
|i d4362a75-1f8d-3c1c-9e51-80cb951fa38a
|t 0
|
| 952 |
f |
f |
|p normal
|a Texas A&M University
|b College Station
|c Sterling C. Evans Library
|d Evans: Library Stacks
|t 0
|e E99.C9 D4 1979
|h Library of Congress classification
|i unmediated -- volume
|m A14806104566
|
| 998 |
f |
f |
|a E99.C9 D4 1979
|t 0
|l Evans: Library Stacks
|